Statistics for Football club by picture of stadium

Click here to take the quiz!

General Stats

  • This quiz has been taken 98 times
  • The average score is 7 of 16

Answer Stats

Answer% Correct
Barcelona
100%
Bayern München
82%
AC Milan/Internazionale
75%
Borussia Dortmund
59%
Real Madrid
59%
Liverpool
53%
Boca Juniors
52%
Celtic
49%
AS Monaco
44%
Chelsea
38%
Ajax Amsterdam
34%
Juventus
33%
Sporting Lisbon
24%
Flamengo/Fluminense
23%
Napoli
10%
Fenerbahce
3%

Score Distribution

Percentile by Number Answered

Percent of People with Each Score

Your Score History

You have not taken this quiz